| 000 | 00594nam a2200169 i 4500 | ||
|---|---|---|---|
| 001 | 60274 | ||
| 003 | ES-MaACL | ||
| 005 | 20230906164210.0 | ||
| 007 | t| | ||
| 008 | 031104s1973 sp ||||1| spa d | ||
| 245 | 0 | 0 | _aEspecialidades de zootecnia menor. |
| 260 |
_a[Salamanca] : _bAnaya, _c[1973] |
||
| 300 |
_a55 p. ; _c25 cm. |
||
| 500 | _aPrecede al tít.: es publicación de la Dirección General de Formación Profesional y Extención Educativo. | ||
| 710 | 2 |
_aEspaña. _bDirección General de Formación Profesional y Extensión Educativa. _93737 |
|
| 852 |
_aES-MaACL _jC-48235 _bR.84634 |
||
| 999 |
_c60274 _d60274 |
||